00555nam a2200193Ia 450000500170000000800410001704000190005804100120007708200160008910000230010524500560012825000530018426000370023730000100027450400190028465000220030370000260032585000100035120231223114923.0131103s9999 xx 000 0 und d aLoreto College aEnglish a891.09bWIN aWinternitz,Maurice 2aHistory of Indian Literature, cMaurice Winternitz aTranslated by V.Srinivasa Sarma and Subhadra Jha aDelhibMotilal Banarsidassc1981 a3 V.  aIncludes index aIndian Literature aSarma,V.Srinivasa,tr. aLCLIB